Les arrêts du bus 89 RATP (Paris) - Statistiques

Statistiques générales
  • Ce quiz a été pris 2 fois
  • Le résultat moyen est 14 sur 48
Statistiques - réponses
Numéro Arrêts % Correct
7 Georges Brassens
100%
32 Jussieu
100%
27 Luxembourg
100%
48 Porte de France
100%
22 Rennes - Littré
100%
26 Sénat
100%
12 Alleray
50%
37 Buffon - Jardin des Plantes
50%
13 Cambronne - Vaugirard
50%
39 Gare d'Austerlitz
50%
1 Gare de Vanves - Malakoff
50%
19 Hôpital des Enfants Malades
50%
31 Institut du Monde Arabe
50%
38 Jardin des Plantes
50%
20 Maine - Vaugirard
50%
28 Panthéon
50%
43 Quai de la Gare
50%
17 Sèvres - Lecourbe
50%
33 Université Paris 6
50%
16 Volontaires - Lecourbe
50%
15 Volontaires - Vaugirard
50%
4 Avenue Marcel Martinie
0%
46 Bibliothèque François Mitterrand
0%
44 Bibliothèque Nationale de France
0%
47 Bibliothèque - Rue Mann
0%
11 Brancion - Vouillé
0%
36 Buffon - La Mosquée
0%
14 Cambronne - Lecourbe
0%
30 Cardinal Lemoine - Monge
0%
5 Carrefour Albert Legris
0%
2 Carrefour de l'Insurrection
0%
41 Cité de la Mode et du Design
0%
35 Cuvier
0%
34 Cuvier - Jardin des Plantes
0%
45 Emile Durkheim
0%
40 Gare d'Austerlitz - Cour Seine
0%
29 Lycée Henri IV
0%
21 Montparnasse - Alençon
0%
9 Morillons - Brancion
0%
8 Morillons - Dantzig
0%
25 Musée du Lxembourg
0%
18 Pasteur - Lycée Buffon
0%
10 Place Charles Vallin
0%
24 Rennes - Raspail
0%
23 Rennes - Saint-Placide
0%
3 Square de l'Insurrection
0%
6 Théâtre de la Plaine - Général Guillaumat
0%
42 Vincent Auriol
0%
Aucun quiz correspondant
Distribution des résultats
% des personnes avec chaque résultat
Percentile par nombre de réponses
Votre historique - résultats
Vous n’avez pas pris ce quiz